Digital electronics : (Include CD) (Record no. 181610)

000 -LEADER
fixed length control field 01369 a2200277 4500
003 - CONTROL NUMBER IDENTIFIER
control field Nust
005 - DATE AND TIME OF LATEST TRANSACTION
control field 20221122093223.0
010 ## - LIBRARY OF CONGRESS CONTROL NUMBER
LC control number 2006035517
020 ## - INTERNATIONAL STANDARD BOOK NUMBER
International Standard Book Number 0073126349 (alk. paper)
020 ## - INTERNATIONAL STANDARD BOOK NUMBER
International Standard Book Number 9780073126340 (alk. paper)
035 ## - SYSTEM CONTROL NUMBER
System control number (OCoLC)74649075
035 ## - SYSTEM CONTROL NUMBER
System control number (OCoLC)ocm74649075
040 ## - CATALOGING SOURCE
Transcribing agency Nust
082 00 - DEWEY DECIMAL CLASSIFICATION NUMBER
Classification number 621.381,TOK
100 1# - MAIN ENTRY--PERSONAL NAME
Personal name Tokheim, Roger L.
245 10 - TITLE STATEMENT
Title Digital electronics : (Include CD)
Remainder of title principles & applications /
Statement of responsibility, etc. Roger L. Tokheim.
250 ## - EDITION STATEMENT
Edition statement 6th ed.
260 ## - PUBLICATION, DISTRIBUTION, ETC.
Place of publication, distribution, etc. Boston :
Name of publisher, distributor, etc. McGraw-Hill Higher Education,
Date of publication, distribution, etc. c2008.
300 ## - PHYSICAL DESCRIPTION
Extent xi, 534 p. :
Other physical details ill. (some col.) ;
Dimensions 29 cm +
Accompanying material 1 CD-ROM (4 3/4 in.).
440 #0 - SERIES STATEMENT/ADDED ENTRY--TITLE
Title Basic skills in electricity & electronics series
9 (RLIN) 103316
505 ## - FORMATTED CONTENTS NOTE
Formatted contents note Analog Devices Digital Electronics (Page-1), Number We use in Digital Electronic (Page-25), Logic Gates (Page-39), Combining Logic Gates(Page-77), IC Specifications and Simple Interfacing (Page-125), Encoding , Decoding and Seven – Segment Displays (Page-177), Flip-Flops (Page-215), Counters (Page-237), Shift Registers (Page-279), Arithmetic Circuits (Page-303), Memories (Page-333), Digital Systems (Page-373), Connecting With (Page-459).
650 #0 - SUBJECT ADDED ENTRY--TOPICAL TERM
Topical term or geographic name entry element Telecommunication Engineering
651 ## - SUBJECT ADDED ENTRY--GEOGRAPHIC NAME
Geographic name (Include CD)
9 (RLIN) 8953
856 41 - ELECTRONIC LOCATION AND ACCESS
Materials specified Table of contents only
Uniform Resource Identifier <a href="http://www.loc.gov/catdir/toc/ecip073/2006035517.html">http://www.loc.gov/catdir/toc/ecip073/2006035517.html</a>
942 ## - ADDED ENTRY ELEMENTS (KOHA)
Source of classification or shelving scheme
Koha item type Book
Holdings
Withdrawn status Lost status Source of classification or shelving scheme Damaged status Not for loan Permanent Location Current Location Shelving location Date acquired Full call number Barcode Date last seen Price effective from Koha item type Public note
          Military College of Signals (MCS) Military College of Signals (MCS) General Stacks 12/12/2016 621.381,TOK MCS30852 12/08/2016 12/12/2016 Book Almirah No.31, Shelf No.6
© 2023 Central Library, National University of Sciences and Technology. All Rights Reserved.